Largest Mammals of Asia - Statistics

General Stats
  • This quiz has been taken 77 times
  • The average score is 22 of 45
Answer Stats
Family Hint Answer % Correct
Felidae 2150 - 3150 Tiger
96%
E*******idae 40.000 - 50.000 Asian Elephant
94%
Felidae ca. 20.000 Leopard
88%
Ursidae 500 - 1000 Giant Panda
84%
Felidae 350 Lion
84%
Ursidae ca. 40.000 Asiatic Black Bear
78%
Hominidae ca. 50.000 Bornean Orangutan
78%
Hominidae 14.600 Sumatran Orangutan
78%
Hominidae < 800 Tapanuli Orangutan
78%
Ursidae > 75.000 Brown Bear
76%
Bovidae 2500 Water Buffalo
73%
Canidae > 75.000 Grey Wolf
71%
Ursidae > 10.000 Sun Bear
71%
Ursidae < 25.000 Polar Bear
69%
Felidae 60 - 100 Cheetah
67%
Ursidae ca. 10.000 Sloth Bear
65%
Bovidae 6000 - 21.000 Gaur
61%
Felidae 2700 - 3400 Snow Leopard
57%
Cervidae > 100.000 Elk
55%
Suidae > 200.000 Wild Boar
55%
C****idae 950 Bactrian Camel
53%
R*********idae 2100 - 2200 Indian Rhinoceros
51%
R*********idae 46 - 66 Javan Rhinoceros
51%
R*********idae 220 - 275 Sumatran Rhinoceros
51%
Felidae ca. 20.000 Clouded Leopard
49%
Bovidae 7500 - 10.000 Yak
49%
Canidae 950 - 2200 Dhole
45%
T****idae 2500 Malayan Tapir
43%
Suidae 10.000 Babirusa
41%
Equidae 28.000 Onager
31%
Cervidae > 300.000 Reindeer
31%
Bovidae 70.000 - 100.000 Nilgai
29%
Bovidae 4000 - 8000 Banteng
27%
H****idae < 5000 Striped Hyena
27%
Bovidae 0 - 50 Kouprey
22%
Cervidae ca. 20.000 Sambar Deer
22%
Equidae 70.000 Kiang
20%
Suidae ca. 3000 Bearded Pig
16%
Platanistidae 3500 Ganges River Dolphin
14%
Platanistidae < 2000 Indus River Dolphin
14%
Cervidae > 50.000 Chital
12%
Bovidae 5700 Markhor
10%
Bovidae ca. 750 Eurasian Bison
8%
Cervidae 1300 Père David's Deer
8%
D******idae 230 Irrawaddy Dolphin
4%
No matching quizzes found
Score Distribution
Percent of People with Each Score
Percentile by Number Answered
Your Score History
You have not taken this quiz